01522cam a2200373 i 45000010009000000050017000090080041000260100017000670200015000840200018000990200015001170350024001320420014001560820016001701000019001862450058002052500008002632600046002712640054003173000040003713360026004113370028004373380027004655040051004925200433005436500021009766500016009976500021010136500027010346500022010616500022010836500027011056500016011321920547820250328145516.0160803s2016 enka b 000 0 eng d a 2016949923 a1785361120 a9781785361128 a1785361104 a(OCoLC)ocn958351224 alccopycat04a338.542 ALL1 aAllen, Roy E.,10aFinancial Crises And Recession In The Global Economy  a4th aUKbEdward Elgar Publishing Limitedc2016 1aCheltenham, UK :bEdward Elgar Publishing,c2016. a197 pages :billustrations ;c24 cm atextbtxt2rdacontent aunmediatedbn2rdamedia avolumebnc2rdacarrier aIncludes bibliographical references and index. aThis new edition of Financial Crises and Recession in the Global Economy explores the major financial instabilities and evolutionary trends in the global economy since the 1970s. A learned but accessible book, it is perfect for a broad audience of academics and practitioners but has also been used as a supplementary textbook for courses in international economics, international finance, money and banking, and macroeconomics. 0aFinancial crises 0aRecessions. 0aEconomic history 0aInternational finance. 7aEconomic history. 7aFinancial crises. 7aInternational finance. 7aRecessions.